Chemiluminiscencia pri termickej oxidácii drevitých papierov a zmena ich mechanických vlastností

Saved in:
Bibliographic Details
Main Author: Szabóová, Zuzana (chemička)
Format: Book
Language:Slovak
Published: Bratislava STU FCHPT 2010
Online Access:View in OPAC
Tags: Add Tag
No Tags, Be the first to tag this record!

MARC

LEADER 00000nam a2200000 a 4500
005 20260127133930.0
008 110210 2010 xo 000 0 slo d
035 |a vtls010210317 
039 9 |a 201904100946  |b csnk10  |y 201102101033  |z mschk03 
040 |a STUSCHK1  |b slo  |c STUSCHK1  |e AACR2 
100 1 |a Szabóová, Zuzana  |c (chemička) 
245 1 |a Chemiluminiscencia pri termickej oxidácii drevitých papierov a zmena ich mechanických vlastností  |c Zuzana Szabóová 
260 |a Bratislava  |b STU FCHPT  |c 2010 
300 |a 84 s.  |b il.  |c 30 cm 
500 |a Dizertačná práca 
500 |a Obháj.: 26.5. 2010 
500 |a Fakulta chemickej a potravinárskej technológie 
500 |a Študijný program: makromolekulová chémia 
500 |a Študijný odbor: 4.1.19 makromolekulová chémia 
500 |a Evidenčné číslo: FCHPT-10871-41898 
910 |a SCHK95 
999 |c 312  |d 312